Dark Souls Trilogy: All Bosses - Statistics

General Stats
  • This quiz has been taken 851 times
  • The average score is 64 of 109
Answer Stats
Hint Answer % Correct
Northern Undead Asylum Asylum Demon
92%
Kiln of the First Flame Gwyn, Lord of Cinder
90%
Royal Wood Knight Artorias
90%
Anor Londo Executioner Smough
89%
Undead Burg Taurus Demon
89%
Anor Londo Dragonslayer Ornstein
88%
Undead Burg Capra Demon
87%
Quelaag’s Domain Chaos Witch Quelaag
87%
Darkroot Garden Great Grey Wolf Sif
86%
Chasm of the Abyss Manus, Father of the Abyss
86%
Lost Izalith Bed of Chaos
85%
Tomb of the Giants Gravelord Nito
84%
Crystal Cave Seath the Scaleless
84%
The Abyss Four Kings
83%
Sen’s Fortress Iron Golem
83%
Anor Londo Dark Sun Gwyndolin
79%
Darkroot Garden Moonlight Butterfly
79%
Catacombs Pinwheel
79%
Painted World of Ariamis Crossbreed Priscilla
78%
The Depths Gaping Dragon
78%
Undead Parish Bell Gargoyle
77%
Demon Ruins Centipede Demon
77%
Royal Wood Black Dragon Kalameet
75%
Northern Undead Asylum Stray Demon
75%
Archdragon Peak Nameless King
74%
Oolacile Sanctuary Sanctuary Guardian
74%
Kiln of the First Flame Soul of Cinder
74%
Forest of Fallen Giants The Last Giant
74%
Slave Knight Gael
73%
Untended Graves Champion Gundyr
72%
Grand Archives Lothric, Younger Prince
72%
Demon Ruins Ceaseless Discharge
71%
High Wall of Lothric Dancer of the Boreal Valley
71%
Cemetery of Ash Iudex Gundyr
71%
Farron Keep Abyss Watchers
70%
High Wall of Lothric Vordt of the Boreal Valley
70%
Demon Ruins Demon Firesage
69%
Cathedral of the Deep Deacons of the Deep
68%
Pa Blackflame Friede
67%
Pe Sister Friede
67%
Profaned Capital Yhorm the Giant
67%
Darkeater Midir
66%
Road of Sacrifices Crystal Sage
64%
Drangleic Castle | Heide’s Tower of Flame Dragonrider
64%
Smouldering Lake Old Demon King
64%
Catacombs of Carthus High Lord Wolnir
63%
Irithyll of the Boreal Valley Pontiff Sulyvahn
63%
Demon Prince
62%
Grand Archives Lorian, Elder Prince
62%
Forest of Fallen Giants The Pursuer
62%
Anor Londo Aldrich, Devourer of Gods
61%
Consumed King’s Garden Oceiros, The Consumed King
61%
Cathedral of Blue Old Dragonslayer
61%
Archdragon Peak Ancient Wyvern
59%
Paqq Father Ariandel
59%
Throne of Want Aldia, Scholar of the First Sin
58%
Lothric Castle Dragonslayer Armour
58%
Iron Keep Old Iron King
58%
Sinners’ Rise The Lost Sinner
58%
Throne of Want Nashandra
57%
Iron Keep | Iron Passage Smelter Demon
57%
Black Gulch The Rotten
56%
Dragon Shrine Ancient Dragon
55%
Undead Settlement Curse-Rotted Greatwood
54%
Brume Tower Fume Knight
54%
Undead Crypt Vendrick
52%
Belfry Luna Belfry Gargoyles
51%
Memory of the Old Iron King Sir Alonne
51%
Shrine of Amana Demon of Song
50%
Throne of Want Throne Watcher
49%
Halflight, Spear of the Church
48%
No-Man’s Wharf Flexile Sentry
47%
Memory of Jeigh Giant Lord
47%
Throne of Want Throne Defender
47%
Grave of Saints Royal Rat Vanguard
46%
Brightstone Cove Tseldora The Duke’s Dear Freja
46%
Old Chaos Burnt Ivory King
45%
Demon in Pain
45%
Dragon’s Rest Sinh, The Slumbering Dragon
45%
Earthen Peak Covetous Demon
43%
King’s Passage Looking Glass Knight
43%
Frigid Outskirts Lud, The King’s Pet
43%
Doors of Pharros Royal Rat Authority
43%
Demon From Below
42%
Undead Crypt Velstadt, The Royal Aegis
42%
Archdragon Peak King of the Storm
41%
Huntsman’s Copse Skeleton Lords
41%
Dark Chasm of Old Darklurker
38%
Undead Purgatory Executioner’s Chariot
38%
Shaded Woods Scorpioness Najka
38%
Frozen Eleum Loyce Aava, The King’s Pet
36%
Brightstone Cove Tseldora Congregation
35%
Earthen Peak Mytha, The Baneful Queen
35%
Aldia’s Keep Guardian Dragon
34%
Painted World Champion’s Gravetender
33%
Frigid Outskirts Zallen, The King’s Pet
33%
Brightstone Cove Tseldora Prowling Magus
32%
Dragon’s Rest Elana, Squalid Queen
30%
Pa Gravetender Greatwolf
26%
Cave of the Dead Ancient Soldier Varg
18%
The Lost Bastille Ruin Sentinel Alessia
16%
The Lost Bastille Ruin Sentinel Yahim
16%
Cave of the Dead Cerah the Old Explorer
15%
The Lost Bastille Ruin Sentinel Ricce
15%
Cave of the Dead Afflicted Graverobber
14%
No matching quizzes found
Score Distribution
Percent of People with Each Score
Percentile by Number Answered
Your Score History
You have not taken this quiz